[Event "4NCL Division 3"]
[Site "Daventry Court ENG"]
[Date "2015.05.02"]
[Round "9.90"]
[White "Millward, Kevin Philip"]
[Black "Lonsdale, Jon.I"]
[Result "1/2-1/2"]
[WhiteElo "2004"]
[BlackElo "1840"]
[PlyCount "128"]
[EventDate "2015.05.02"]

1. d3 c5 2. e4 Nc6 3. Nc3 g6 4. g3 Bg7 5. Bg2 d6 6. Nge2 e6 7. Be3 Nd4 8. O-O
Ne7 9. Qd2 Qa5 10. Nc1 h6 11. Nb3 Qd8 12. Nd1 e5 13. c3 Nxb3 14. axb3 Nc6 15.
f4 O-O 16. fxe5 Nxe5 17. h3 Kh7 18. d4 cxd4 19. cxd4 Nc6 20. d5 Ne5 21. Rxa7
Rxa7 22. Bxa7 f5 23. Nc3 Qa5 24. Be3 Qb4 25. Qc2 Bd7 26. Kh2 Kg8 27. Rf2 b5 28.
Bd2 Qc5 29. Be1 Rc8 30. Qe2 Kh7 31. Bd2 Rb8 32. exf5 gxf5 33. Qe3 Qxe3 34. Bxe3
Nd3 35. Rd2 Nxb2 36. Bf4 Bxc3 37. Re2 Rc8 38. Bxd6 Bf6 39. Rd2 Rc1 40. Ba3 Rd1
41. Rc2 Nd3 42. Rc7 b4 43. Rxd7+ Kg6 44. Bxb4 Nxb4 45. Rb7 Nxd5 46. Rd7 Ne3 47.
Rxd1 Nxd1 48. Bf1 Be5 49. b4 Ne3 50. Bd3 Kf6 51. b5 Ke7 52. h4 Bc7 53. Kh3 Kf6
54. Be2 Ke5 55. Bf3 Kd4 56. Be2 Kc3 57. Bh5 Kd2 58. g4 f4 59. g5 hxg5 60. hxg5
Nd5 61. Bf3 Nb6 62. g6 Be5 63. Kg4 Ke3 64. Bc6 Nc4 1/2-1/2

[Event "4NCL Division 3"]
[Site "Daventry Court ENG"]
[Date "2015.05.02"]
[Round "9.95"]
[White "Fallowfield, Jeremy"]
[Black "Wallace, Paul A"]
[Result "0-1"]
[WhiteElo "2072"]
[BlackElo "2211"]
[PlyCount "64"]
[EventDate "2015.05.02"]

1. d4 Nf6 2. c4 g6 3. Nc3 Bg7 4. e4 d6 5. f3 O-O 6. Be3 c5 7. Nge2 Nc6 8. d5
Ne5 9. Ng3 h5 10. Be2 e6 11. O-O exd5 12. cxd5 a6 13. a4 Nh7 14. Qd2 h4 15. Nh1
f5 16. Nf2 Rb8 17. Rab1 Qa5 18. b4 cxb4 19. Na2 Nf6 20. Qxb4 Qxb4 21. Rxb4 fxe4
22. fxe4 Bg4 23. Nxg4 Nfxg4 24. Bb6 Rxf1+ 25. Bxf1 Rc8 26. h3 Rc2 27. hxg4 Rxa2
28. Bc7 Ra1 29. Bxd6 Nxg4 30. e5 Ne3 31. Rf4 Bh6 32. Rf6 Nxf1 0-1

[Event "4NCL Division 3"]
[Site "Daventry Court ENG"]
[Date "2015.05.02"]
[Round "9.96"]
[White "Acey, Gerald"]
[Black "Page, Mark"]
[Result "1/2-1/2"]
[WhiteElo "2105"]
[BlackElo "2093"]
[PlyCount "63"]
[EventDate "2015.05.02"]

1. d4 Nf6 2. Bg5 g6 3. Bxf6 exf6 4. e3 Bg7 5. Ne2 d6 6. g3 Nd7 7. Bg2 f5 8. Nd2
Nf6 9. h4 c6 10. c3 h5 11. O-O O-O 12. Nf4 Bh6 13. Qc2 Bxf4 14. exf4 Be6 15.
Rfe1 Bd5 16. Bxd5 Nxd5 17. Nf3 Nf6 18. Re2 Qd7 19. Rae1 Rfe8 20. Ng5 Rxe2 21.
Rxe2 Re8 22. Kf1 Rxe2 23. Qxe2 Qe8 24. Qxe8+ Nxe8 25. Nf3 Nc7 26. Ke2 Kf8 27.
Kd3 Ke7 28. Nd2 d5 29. a4 b6 30. Nf1 Kd6 31. Ne3 f6 32. b3 1/2-1/2

[Event "4NCL Division 3"]
[Site "Daventry Court ENG"]
[Date "2015.05.02"]
[Round "9.97"]
[White "Stepanyan, Henrik"]
[Black "Armstrong, Malcolm J"]
[Result "1-0"]
[WhiteElo "2072"]
[BlackElo "2107"]
[PlyCount "75"]
[EventDate "2015.05.02"]

1. d4 d5 2. Nf3 Nf6 3. c4 c6 4. e3 Bf5 5. Nc3 e6 6. Be2 Bd6 7. O-O Nbd7 8. Qb3
Qb6 9. c5 Qxb3 10. axb3 Bc7 11. b4 b5 12. Bxb5 cxb5 13. Nxb5 Bb8 14. Rd1 Kd8
15. Ra3 Ne4 16. Bd2 Kc8 17. Rda1 Kb7 18. Be1 Rc8 19. Nh4 Bg6 20. f3 Nef6 21.
Bg3 e5 22. Nxg6 hxg6 23. Nc3 exd4 24. exd4 Bxg3 25. hxg3 a6 26. b5 Nxc5 27.
dxc5 Rxc5 28. bxa6+ Ka7 29. b4 Rc4 30. b5 Rb8 31. Re1 d4 32. Re7+ Kb6 33. a7
Rbc8 34. Ra6+ Kc5 35. Rc6+ Kb4 36. Rxc4+ Kxc4 37. b6 dxc3 38. Rc7+ 1-0

[Event "4NCL Division 3"]
[Site "Daventry Court ENG"]
[Date "2015.05.02"]
[Round "9.98"]
[White "Edwards, Simon R"]
[Black "Paterson, Andrew"]
[Result "0-1"]
[WhiteElo "2027"]
[BlackElo "1986"]
[PlyCount "72"]
[EventDate "2015.05.02"]

1. e4 c6 2. d4 d5 3. e5 Bf5 4. h4 h5 5. Bg5 Qb6 6. Bd3 Bxd3 7. Qxd3 Qa6 8. Qe2
e6 9. Rh3 Ne7 10. Qd2 Nf5 11. Ne2 c5 12. dxc5 Bxc5 13. b4 Be7 14. Bxe7 Nxe7 15.
Nd4 Qb6 16. b5 Nd7 17. f4 Nf5 18. Rd3 Nc5 19. Nxf5 Nxd3+ 20. Qxd3 Qg1+ 21. Kd2
Qxg2+ 22. Kc1 exf5 23. Nc3 O-O 24. Kb2 d4 25. Ne2 Rfd8 26. Ng3 Rac8 27. Nxf5
Rc3 28. Qd1 Qg4 29. Nxd4 Qxd1 30. Rxd1 Rh3 31. c3 Rxh4 32. Rf1 Rh2+ 33. Kb3 h4
34. f5 h3 35. Nf3 Rg2 36. Rh1 Rg3 0-1

[Event "4NCL Division 3"]
[Site "Daventry Court ENG"]
[Date "2015.05.02"]
[Round "9.99"]
[White "Smith, Simon C"]
[Black "Richardson, Alex"]
[Result "0-1"]
[WhiteElo "1914"]
[BlackElo "2103"]
[PlyCount "90"]
[EventDate "2015.05.02"]

1. e4 c6 2. d4 d5 3. e5 Bf5 4. Bd3 Bxd3 5. Qxd3 e6 6. Nf3 Qa5+ 7. Nbd2 Qa6 8.
c4 Nd7 9. b3 Ne7 10. O-O Nc8 11. Ng5 Be7 12. f4 Nf8 13. Nxf7 Kxf7 14. f5 Ke8
15. f6 gxf6 16. exf6 Bd6 17. f7+ Kd7 18. Nf3 h6 19. Bb2 Ne7 20. Rae1 Rd8 21.
Nh4 Kc8 22. Qc3 Kb8 23. c5 Bc7 24. Qf3 Nh7 25. Rxe6 Ng5 26. Qf6 Nxe6 27. Qxe6
Bxh2+ 28. Kxh2 Qxf1 29. Qe5+ Kc8 30. Qxe7 Qf4+ 31. Kg1 Qc7 32. Qf6 Rhf8 33. Nf5
Rxf7 34. Qe6+ Kb8 35. Nd6 Re7 36. Qf6 Rg8 37. Bc3 Re2 38. Kf1 Rexg2 39. Be1 Qg7
40. Qf4 Rg1+ 41. Ke2 Qg4+ 42. Qxg4 R8xg4 43. Bf2 R1g2 44. Kf3 Rxf2+ 45. Kxf2
Rxd4 0-1

[Event "4NCL Division 3"]
[Site "Daventry Court ENG"]
[Date "2015.05.02"]
[Round "9.99"]
[White "Harris, Martyn J"]
[Black "Cundy, Mark"]
[Result "1-0"]
[WhiteElo "1870"]
[BlackElo "1930"]
[PlyCount "77"]
[EventDate "2015.05.02"]

1. Nf3 f5 2. c4 Nf6 3. e3 d6 4. d4 g6 5. b4 Bg7 6. Bb2 O-O 7. Be2 c6 8. O-O Na6
9. Qb3 Nc7 10. Nc3 h6 11. d5 Qe8 12. Rad1 Qf7 13. Rfe1 Bd7 14. Bf1 Ne4 15. Nxe4
fxe4 16. Bxg7 Kxg7 17. Qb2+ Kh7 18. Nd4 cxd5 19. cxd5 Nxd5 20. Bc4 e6 21. Rd2
Nb6 22. Bb3 d5 23. Rc1 Rac8 24. Rdc2 Rxc2 25. Rxc2 Rc8 26. Rxc8 Bxc8 27. a4 Qe7
28. Nc2 Bd7 29. b5 Be8 30. Qc3 Qd7 31. Qc5 Nc8 32. h3 b6 33. Qc3 Nd6 34. Nd4
Nb7 35. Nc6 Nc5 36. Bc2 Qc7 37. Qf6 a5 38. Ne7 h5 39. h4 1-0

[Event "4NCL Division 3"]
[Site "Daventry Court ENG"]
[Date "2015.05.02"]
[Round "9.99"]
[White "Rawlinson, Aidan"]
[Black "Edgell, Ben"]
[Result "1-0"]
[WhiteElo "2182"]
[BlackElo "2139"]
[PlyCount "53"]
[EventDate "2015.05.02"]

1. d4 Nf6 2. c4 e6 3. g3 d5 4. Nf3 Bb4+ 5. Bd2 Be7 6. Bg2 O-O 7. O-O c6 8. Bg5
Nbd7 9. Nbd2 b6 10. Rc1 Bb7 11. Ne5 Nxe5 12. dxe5 Nd7 13. Bxe7 Qxe7 14. cxd5
exd5 15. f4 f6 16. e4 Rac8 17. exf6 Nxf6 18. e5 Nd7 19. Qg4 Nc5 20. Nf3 Nd3 21.
Rc2 Nb4 22. Rcf2 Rcd8 23. f5 Nd3 24. Re2 Kh8 25. Qh5 Qf7 26. Qh4 Qxf5 27. Ng5
1-0

[Event "4NCL Division 3"]
[Site "Daventry Court ENG"]
[Date "2015.05.02"]
[Round "9.99"]
[White "Littlejohns, David"]
[Black "Smallbone, Kieran D"]
[Result "1/2-1/2"]
[WhiteElo "1983"]
[BlackElo "2201"]
[PlyCount "88"]
[EventDate "2015.05.02"]

1. e4 c6 2. d4 d5 3. exd5 cxd5 4. Bd3 Nc6 5. c3 Qc7 6. Ne2 Bg4 7. f3 Bh5 8. Bf4
Qd7 9. Nd2 e6 10. Nb3 b6 11. O-O Bd6 12. Qd2 Nge7 13. Bxd6 Qxd6 14. Rae1 Bg6
15. Ng3 Bxd3 16. Qxd3 h5 17. Qd2 h4 18. Ne2 Nf5 19. Qf4 Qxf4 20. Nxf4 Kd7 21.
Nd3 f6 22. Re2 g5 23. Rfe1 Rae8 24. Kf2 Kd6 25. Nd2 Ncxd4 26. cxd4 Nxd4 27. Nf1
Nxe2 28. Kxe2 e5 29. Kd2 f5 30. Ne3 Rhf8 31. Nf2 d4 32. Nc4+ Kd5 33. Kd3 g4 34.
Nd2 gxf3 35. gxf3 Rg8 36. Nh3 Rc8 37. Re2 b5 38. Nb3 Rc7 39. Na1 Rcg7 40. Nc2
a6 41. Ne1 Rc7 42. Nf2 Rg2 43. Nh3 Rg8 44. Nf2 Re8 1/2-1/2

[Event "4NCL Division 3"]
[Site "Daventry Court ENG"]
[Date "2015.05.02"]
[Round "9.99"]
[White "Healey, Michael W"]
[Black "Bullen, Alex"]
[Result "1/2-1/2"]
[WhiteElo "2098"]
[BlackElo "2004"]
[PlyCount "60"]
[EventDate "2015.05.02"]

1. e4 c6 2. d4 d5 3. f3 dxe4 4. fxe4 e5 5. Nf3 Bg4 6. Bc4 Nd7 7. O-O Ngf6 8. c3
Bd6 9. Qd3 Qc7 10. h3 Bh5 11. Be3 O-O 12. Nbd2 b5 13. Bb3 a6 14. a4 c5 15. axb5
cxd4 16. cxd4 exd4 17. Bxd4 Nc5 18. Qc3 Bxf3 19. Qxf3 Be5 20. Bxe5 Qxe5 21.
bxa6 Qxb2 22. Ra2 Qd4+ 23. Kh1 Rxa6 24. Rxa6 Nxa6 25. Qf2 Qc3 26. Qf4 Nc5 27.
Rf3 Qc1+ 28. Rf1 Qc3 29. Rf3 Qc1+ 30. Rf1 Qc3 1/2-1/2

[Event "4NCL Division 3"]
[Site "Daventry Court ENG"]
[Date "2015.05.02"]
[Round "9.99"]
[White "Gregory, Andrew M"]
[Black "Nandi, Robin"]
[Result "1-0"]
[WhiteElo "1988"]
[BlackElo "1986"]
[PlyCount "53"]
[EventDate "2015.05.02"]

1. d4 Nf6 2. Nf3 d5 3. e3 e6 4. Be2 c5 5. O-O Nc6 6. Ne5 Nxe5 7. dxe5 Nd7 8. f4
f6 9. c4 fxe5 10. cxd5 Nf6 11. fxe5 Nxd5 12. Bb5+ Bd7 13. Qf3 Qe7 14. Bxd7+
Qxd7 15. e4 Nb4 16. Rd1 Qc7 17. Na3 Qxe5 18. Bf4 Qf6 19. Nb5 Na6 20. e5 Qf7 21.
Rd6 g5 22. Rxa6 gxf4 23. Rxe6+ Kd8 24. Rd1+ Kc8 25. Rf6 Qe7 26. Nd6+ Kb8 27.
Rf7 1-0

[Event "4NCL Division 3"]
[Site "Daventry Court ENG"]
[Date "2015.05.02"]
[Round "9.99"]
[White "Taylor, Will"]
[Black "Colburn, Paul J"]
[Result "0-1"]
[WhiteElo "1977"]
[BlackElo "1954"]
[PlyCount "100"]
[EventDate "2015.05.02"]

1. e4 Nf6 2. e5 Nd5 3. d4 d6 4. c4 Nb6 5. exd6 cxd6 6. Nc3 g6 7. Be3 Bg7 8. Rc1
Nc6 9. b3 O-O 10. Nf3 Bg4 11. Be2 d5 12. c5 Nc8 13. h3 Bxf3 14. Bxf3 e6 15. Qd2
N8e7 16. Ne2 Nf5 17. O-O a5 18. a3 h6 19. Rfd1 Qf6 20. Bg4 Nxe3 21. Qxe3 Kh7
22. f4 Ne7 23. b4 axb4 24. axb4 Ra4 25. Qb3 Rfa8 26. b5 Ra3 27. Qb4 R3a4 28.
Qb3 Ra3 29. Qb4 R8a4 30. Qb2 Ra2 31. Qb3 R4a3 32. Qb4 h5 33. Bf3 Rxf3 34. gxf3
Rxe2 35. Re1 Qxd4+ 36. Qxd4 Bxd4+ 37. Kf1 Rf2+ 38. Kg1 Rb2+ 39. Kf1 Rxb5 40.
Rb1 Rxc5 41. Rxb7 Bf6 42. Re2 Rc4 43. Ra2 Rxf4 44. Kg2 Kh6 45. Raa7 Nc6 46. Ra6
Ne5 47. Ra3 Bh4 48. Re3 Nc4 49. Rd3 d4 50. Kf1 Ne5 0-1

[Event "4NCL Division 3"]
[Site "Daventry Court ENG"]
[Date "2015.05.02"]
[Round "9.99"]
[White "Swanson, Stephen"]
[Black "Compton, Alistair"]
[Result "1/2-1/2"]
[WhiteElo "2211"]
[BlackElo "2076"]
[PlyCount "73"]
[EventDate "2015.05.02"]

1. e4 e6 2. d3 d5 3. Nd2 Nf6 4. Ngf3 Bc5 5. e5 Nfd7 6. g3 f6 7. d4 Bb6 8. Bg2
Nc6 9. Nb3 O-O 10. exf6 Nxf6 11. O-O Bd7 12. a4 a5 13. c3 Qe8 14. Bf4 Ne4 15.
Ng5 Nxg5 16. Bxg5 Qg6 17. Be3 Ne7 18. Qd2 Qe8 19. Nc5 Bxc5 20. dxc5 Bxa4 21.
Bf4 Bb5 22. Rfe1 Qc6 23. b4 axb4 24. cxb4 Rxa1 25. Rxa1 Ng6 26. Be3 Bc4 27. h4
h6 28. h5 Ne5 29. Bxh6 gxh6 30. Qxh6 Qd7 31. Re1 Nf3+ 32. Bxf3 Rxf3 33. Rxe6
Rf7 34. Qg6+ Kh8 35. Qh6+ Kg8 36. Qg6+ Kh8 37. Qh6+ 1/2-1/2

[Event "4NCL Division 3"]
[Site "Daventry Court ENG"]
[Date "2015.05.02"]
[Round "9.99"]
[White "Jones, Christopher M"]
[Black "Byway, Paul V"]
[Result "1-0"]
[WhiteElo "2093"]
[BlackElo "2166"]
[PlyCount "119"]
[EventDate "2015.05.02"]

1. e4 c5 2. Nc3 e6 3. g3 d5 4. Bg2 dxe4 5. Nxe4 Nd7 6. Ne2 Ngf6 7. d3 Be7 8.
O-O O-O 9. c3 Ne5 10. d4 cxd4 11. Nxd4 Nxe4 12. Bxe4 Nd7 13. Qe2 Nf6 14. Bg2 a6
15. Rd1 Qa5 16. Nb3 Qb5 17. c4 Qb4 18. Bd2 Qa4 19. Be3 Qb4 20. Bd4 Nd7 21. Bc3
Qa4 22. Nd4 Bb4 23. Bxb4 Qxb4 24. a3 Qa5 25. b4 Qc7 26. c5 Nf6 27. Nb3 Bd7 28.
Na5 Ba4 29. Rd6 Rab8 30. Nxb7 Bb5 31. Qf3 Nd5 32. Na5 Rbd8 33. a4 Bd3 34. Qxd3
Nxb4 35. Qd2 Qxa5 36. Rb1 Rxd6 37. cxd6 Nc6 38. Qxa5 Nxa5 39. Bf1 Rd8 40. Bxa6
g6 41. Rd1 Nc6 42. Bb5 Na7 43. Bc4 Nc8 44. d7 Nb6 45. Bb5 Kf8 46. a5 Nd5 47.
Rc1 Ke7 48. Rc8 Nb4 49. Rxd8 Kxd8 50. a6 Nxa6 51. Bxa6 Kxd7 52. Kg2 g5 53. Kf3
f5 54. Bd3 Kd6 55. Ke3 Ke5 56. Bc4 h6 57. f4+ Kf6 58. Kd4 h5 59. h4 gxh4 60.
gxh4 1-0

[Event "4NCL Division 3"]
[Site "Daventry Court ENG"]
[Date "2015.05.02"]
[Round "9.99"]
[White "Goodger, Martyn"]
[Black "Jaszkiwskyj, Peter"]
[Result "1/2-1/2"]
[WhiteElo "2103"]
[BlackElo "1969"]
[PlyCount "95"]
[EventDate "2015.05.02"]

1. e4 e6 2. Nf3 d5 3. Nc3 c5 4. d4 Nf6 5. e5 Nfd7 6. dxc5 Bxc5 7. Bd3 Nc6 8.
Bf4 a6 9. h4 Bb4 10. Kf1 Nc5 11. h5 Bd7 12. h6 g6 13. Ne2 Na4 14. Rb1 b5 15.
Bg5 Be7 16. Bxe7 Qxe7 17. c3 Rc8 18. Qd2 f6 19. Qe3 O-O 20. Rh3 fxe5 21. Nxe5
Nxe5 22. Qxe5 Qf6 23. Qe3 e5 24. Rf3 Qd6 25. Rxf8+ Rxf8 26. Kg1 Qf6 27. b3 Nxc3
28. Nxc3 d4 29. Ne4 dxe3 30. Nxf6+ Rxf6 31. fxe3 Rd6 32. Be4 Bf5 33. Bxf5 gxf5
34. Rf1 Rxh6 35. Rxf5 Re6 36. Kf2 Kg7 37. Kf3 Rf6 38. Ke4 Rg6 39. Rxe5 Rxg2 40.
Re7+ Kg8 41. a4 bxa4 42. bxa4 Rg4+ 43. Kf5 Rxa4 44. Kf6 h5 45. Re8+ Kh7 46.
Re7+ Kg8 47. Re8+ Kh7 48. Re7+ 1/2-1/2

[Event "4NCL Division 3"]
[Site "Daventry Court ENG"]
[Date "2015.05.02"]
[Round "9.99"]
[White "Gibson, Christopher A"]
[Black "Kemp, Paul R"]
[Result "0-1"]
[WhiteElo "1981"]
[BlackElo "2087"]
[PlyCount "120"]
[EventDate "2015.05.02"]

1. e4 c6 2. d4 d5 3. exd5 cxd5 4. c4 Nf6 5. Nc3 e6 6. Nf3 Be7 7. cxd5 Nxd5 8.
Bd3 Nc6 9. a3 O-O 10. O-O Bf6 11. Bc2 Nxc3 12. bxc3 e5 13. Bb2 Bg4 14. d5 Na5
15. Qd3 g6 16. Nd2 Bf5 17. Ne4 Rc8 18. Nxf6+ Qxf6 19. Qf3 Qg5 20. Bc1 Qg4 21.
Bxf5 Qxf3 22. gxf3 gxf5 23. f4 f6 24. fxe5 fxe5 25. Re1 Nc4 26. Rb1 b6 27. a4
Rc5 28. Rd1 Rd8 29. d6 Kf7 30. d7 Ke6 31. Bg5 Rxd7 32. Rxd7 Kxd7 33. Rd1+ Nd6
34. f4 Ke6 35. fxe5 Rxe5 36. Bf4 Rd5 37. Re1+ Ne4 38. c4 Rd4 39. Bb8 Rd7 40. a5
Rg7+ 41. Kf1 Rb7 42. Bf4 bxa5 43. Ra1 Rb2 44. Bc7 Nd2+ 45. Kg1 Rb1+ 46. Rxb1
Nxb1 47. Bxa5 Na3 48. c5 Kd5 49. Be1 Nc2 50. Bc3 Kxc5 51. Kf2 Kc4 52. Ba5 Nb4
53. Kg3 Nd5 54. Kh4 Kd3 55. Kg5 f4 56. Be1 f3 57. Kh6 Ke2 58. Bg3 f2 59. Bxf2
Kxf2 60. Kxh7 a5 0-1

[Event "4NCL Division 3"]
[Site "Daventry Court ENG"]
[Date "2015.05.02"]
[Round "9.99"]
[White "Rosen, Daniel B"]
[Black "Reid, Patrick D"]
[Result "1-0"]
[WhiteElo "2074"]
[BlackElo "1855"]
[PlyCount "47"]
[EventDate "2015.05.02"]

1. e4 e6 2. d4 d5 3. Nc3 Nf6 4. Bg5 Be7 5. e5 Nfd7 6. Bxe7 Qxe7 7. f4 c5 8. Nf3
a6 9. dxc5 Nc6 10. Bd3 Qxc5 11. Qd2 b5 12. Ne2 Bb7 13. c3 O-O-O 14. Nfd4 Rde8
15. a4 Nxd4 16. cxd4 Qb6 17. axb5 axb5 18. Qb4 Ba6 19. Kd2 Kb8 20. Ra5 Rc8 21.
Rha1 Rc4 22. Bxc4 bxc4 23. Qxb6+ Nxb6 24. Rxa6 1-0

[Event "4NCL Division 3"]
[Site "Daventry Court ENG"]
[Date "2015.05.02"]
[Round "9.99"]
[White "Ressel, Eva"]
[Black "McCorry, Robert T"]
[Result "0-1"]
[WhiteElo "1727"]
[BlackElo "2037"]
[PlyCount "116"]
[EventDate "2015.05.02"]

1. e4 e5 2. Nf3 Nc6 3. Bc4 Bc5 4. c3 Nf6 5. d4 exd4 6. cxd4 Bb4+ 7. Bd2 Bxd2+
8. Nbxd2 d5 9. exd5 Nxd5 10. Qb3 Na5 11. Qa4+ Nc6 12. Ne5 O-O 13. O-O-O Nb6 14.
Nxc6 bxc6 15. Qxc6 Qxd4 16. f3 Bd7 17. Qe4 Qf6 18. Bb3 Rfe8 19. Qd3 Bf5 20. Ne4
Qg6 21. Bc2 Rab8 22. Nf6+ Qxf6 23. Qxf5 Qxf5 24. Bxf5 Nc4 25. Bd7 Red8 26. Bb5
Ne3 27. Rxd8+ Rxd8 28. g4 f5 29. gxf5 Kf7 30. Re1 Nxf5 31. Bc4+ Kf6 32. f4 Nd6
33. Bd3 h6 34. h4 Nb7 35. Bc2 Nc5 36. Re3 Ne6 37. Re4 Rd4 38. Re5 Rxf4 39. Ra5
Rxh4 40. Rxa7 Rh2 41. Bb3 Nd4 42. Rxc7 Nxb3+ 43. axb3 g5 44. Rc3 Rh4 45. Rg3
Rb4 46. Kc2 h5 47. Kc3 Rb8 48. b4 g4 49. Kc4 Kg5 50. b3 h4 51. Rg1 h3 52. Rh1
Kh4 53. Kc5 g3 54. b5 g2 55. Rd1 Kg3 56. Kc6 h2 57. Rd3+ Kf4 58. Rd4+ Ke3 0-1

[Event "4NCL Division 3"]
[Site "Daventry Court ENG"]
[Date "2015.05.02"]
[Round "9.99"]
[White "Smart, Mike"]
[Black "Kalavannan, Koby"]
[Result "0-1"]
[WhiteElo "2050"]
[BlackElo "2095"]
[PlyCount "116"]
[EventDate "2015.05.02"]

1. e4 c5 2. Nf3 e6 3. d4 cxd4 4. Nxd4 a6 5. Bd3 Nf6 6. O-O Qc7 7. Re1 Nc6 8.
Nxc6 dxc6 9. e5 Nd7 10. Bf4 b5 11. Nd2 Nc5 12. Ne4 Nxe4 13. Bxe4 Bb7 14. Qf3
Be7 15. Re3 O-O-O 16. c4 b4 17. a3 Rd4 18. axb4 Bxb4 19. c5 Rhd8 20. Rb3 f5 21.
Bd3 a5 22. Rc1 a4 23. Rxb4 Rxb4 24. Bc4 Qd7 25. h3 Rxb2 26. Qc3 Qd4 27. Bxe6+
Kb8 28. Qg3 Rb4 29. Bg5 f4 30. Qg4 Re8 31. Bf7 Rxe5 32. Rd1 Qxc5 33. Bxf4 Ka7
34. Qg3 Ree4 35. Bb8+ Ka6 36. Qd3+ Qb5 37. Qa3 Red4 38. Rc1 Rb1 39. Rxb1 Qxb1+
40. Kh2 Qb4 41. Qe3 c5 42. Bh5 Qb6 43. Be2+ c4 44. Qc3 Bd5 45. Be5 Re4 46. Bf1
Qxf2 47. Bc7 Qc5 48. Qxg7 Qe7 49. Qh6+ Re6 50. Qf4 Kb7 51. Bb8 Rf6 52. Qd4 Kxb8
53. Qxd5 Qd6+ 54. Qxd6+ Rxd6 55. Bxc4 a3 56. Kg3 Rd2 57. Kf3 a2 58. Bxa2 Rxa2
0-1

[Event "4NCL Division 3"]
[Site "Daventry Court ENG"]
[Date "2015.05.02"]
[Round "9.99"]
[White "Henderson, Ian R"]
[Black "Punnett, Alan"]
[Result "1-0"]
[WhiteElo "2067"]
[BlackElo "2080"]
[PlyCount "97"]
[EventDate "2015.05.02"]

1. d4 Nf6 2. Nf3 d5 3. c4 dxc4 4. a4 c5 5. e3 e6 6. Bxc4 cxd4 7. exd4 Be7 8.
O-O O-O 9. Qe2 Nc6 10. Rd1 Nb4 11. Nc3 Nbd5 12. Bg5 b6 13. Nxd5 exd5 14. Bd3
Bb7 15. Ne5 Ne4 16. Bxe7 Qxe7 17. f3 Nf6 18. Qd2 Rac8 19. Bf5 Rc7 20. Rdc1 Bc8
21. Rxc7 Qxc7 22. Rc1 Qb7 23. Bd3 Be6 24. Rc3 Rc8 25. Qc2 Rxc3 26. Qxc3 h6 27.
b4 Ne8 28. Qc6 Qxc6 29. Nxc6 Bd7 30. Nxa7 Bxa4 31. Nc8 Nc7 32. Nxb6 Bc6 33. Kf2
Kf8 34. Ke3 Ke7 35. Kd2 Ke6 36. Kc3 h5 37. Kb3 g5 38. Na4 Nb5 39. Bxb5 Bxb5 40.
Nc3 Bf1 41. g3 Bg2 42. f4 gxf4 43. gxf4 Bf1 44. b5 Kf5 45. b6 Ba6 46. Nxd5 Ke4
47. Nc7 Bb7 48. d5 Kxf4 49. d6 1-0

[Event "4NCL Division 3"]
[Site "Daventry Court ENG"]
[Date "2015.05.02"]
[Round "9.99"]
[White "Shepley, Julien"]
[Black "Crombleholme, Alan K"]
[Result "1/2-1/2"]
[WhiteElo "2035"]
[BlackElo "2094"]
[PlyCount "48"]
[EventDate "2015.05.02"]

1. e4 e6 2. d4 d5 3. Nd2 c5 4. Ngf3 Nc6 5. exd5 exd5 6. dxc5 Bxc5 7. Nb3 Bb6 8.
c3 Nge7 9. Bd3 Bf5 10. Nbd4 Nxd4 11. Nxd4 Bxd4 12. Bb5+ Bd7 13. Bxd7+ Qxd7 14.
Qxd4 O-O 15. O-O Nc6 16. Qa4 Rfe8 17. Be3 Re4 18. Qc2 Rae8 19. Rad1 R8e5 20.
Bd4 Nxd4 21. Rxd4 Rxd4 22. cxd4 Re6 23. Rc1 Rc6 24. Qd2 h6 1/2-1/2

[Event "4NCL Division 3"]
[Site "Daventry Court ENG"]
[Date "2015.05.02"]
[Round "9.99"]
[White "Shepherd, Paul D"]
[Black "Stimpson, Phil"]
[Result "1-0"]
[WhiteElo "2009"]
[BlackElo "1997"]
[PlyCount "59"]
[EventDate "2015.05.02"]

1. e4 e6 2. d4 d5 3. Nd2 Be7 4. Ngf3 Nf6 5. e5 Nfd7 6. c3 c5 7. Bd3 Nc6 8. O-O
g5 9. dxc5 Ndxe5 10. Bb5 Bd7 11. Re1 Bxc5 12. Nxe5 Nxe5 13. Bxd7+ Nxd7 14. Nb3
Be7 15. h4 h6 16. Be3 Qc7 17. c4 dxc4 18. Rc1 Rc8 19. Nd4 Bb4 20. Nb5 Qa5 21.
Qd4 e5 22. Bd2 Bxd2 23. Rxe5+ Kf8 24. Qxd7 Bxc1 25. Qxc8+ Kg7 26. Qxc4 Bf4 27.
Nd6 Rc8 28. Qxf7+ Kh8 29. Qf6+ Kg8 30. Qg6+ 1-0

[Event "4NCL Division 3"]
[Site "Daventry Court ENG"]
[Date "2015.05.02"]
[Round "9.99"]
[White "Galer, Sebastian"]
[Black "Faulks, Nick W"]
[Result "0-1"]
[WhiteElo "2005"]
[BlackElo "2037"]
[PlyCount "132"]
[EventDate "2015.05.02"]

1. e4 c5 2. Nf3 e6 3. d4 cxd4 4. Nxd4 a6 5. a3 Nf6 6. Nc3 Qc7 7. Be2 b5 8. Be3
Bb7 9. Bf3 d6 10. O-O Nbd7 11. Bg5 h6 12. Bh4 g5 13. Bg3 h5 14. h3 Ne5 15. Be2
Nxe4 16. Nxe4 Bxe4 17. Bxh5 Bd5 18. Re1 O-O-O 19. Be2 Qb7 20. Bf1 f5 21. a4 f4
22. Bh2 g4 23. axb5 gxh3 24. bxa6 Qa8 25. Qd2 Bxg2 26. Qc3+ Kd7 27. Bb5+ Ke7
28. Qb3 Bd5 29. c4 Bxc4 30. Nc6+ Kf6 31. Bxc4 Qxc6 32. Bd5 Qxd5 33. Qxd5 exd5
34. Ra3 Kf5 35. Rd1 d4 36. Rxd4 Rc8 37. Rxf4+ Ke6 38. Bg3 d5 39. Re3 Bh6 40.
Rxe5+ Kxe5 41. Rb4+ Kf5 42. a7 Ra8 43. Rb7 Rhg8 44. Rh7 Bd2 45. Rb7 Rg4 46. Kh2
Rb4 47. Rd7 Bf4 48. Rxd5+ Ke6 49. Rd3 Bxg3+ 50. fxg3 Rxb2+ 51. Kxh3 Rxa7 52.
Rc3 Rh7+ 53. Kg4 Rb4+ 54. Kf3 Rg7 55. Ra3 Kd5 56. Kg2 Rc4 57. Kh3 Ke5 58. Rf3
Rh7+ 59. Kg2 Rc2+ 60. Kg1 Ke4 61. Ra3 Rb7 62. Ra1 Kf3 63. Ra3+ Kg4 64. Ra1 Rbb2
65. Rd1 Kh3 66. g4 Rg2+ 0-1

[Event "4NCL Division 3"]
[Site "Daventry Court ENG"]
[Date "2015.05.02"]
[Round "9.99"]
[White "Latham, David"]
[Black "Combie, Alex B"]
[Result "1-0"]
[WhiteElo "2074"]
[BlackElo "2050"]
[PlyCount "101"]
[EventDate "2015.05.02"]

1. d4 Nf6 2. Nc3 d5 3. Bg5 Nbd7 4. Nf3 g6 5. e3 Bg7 6. Bd3 O-O 7. O-O c5 8. Re1
b6 9. e4 dxe4 10. Nxe4 cxd4 11. Nxd4 Ne5 12. Nxf6+ exf6 13. Be4 Bg4 14. f3 Rc8
15. Be3 Bd7 16. Bf2 f5 17. Bd5 Nc6 18. Nxc6 Bxc6 19. Bxc6 Rxc6 20. Qxd8 Rxd8
21. c3 Rcd6 22. Kf1 Rd2 23. Re2 Bh6 24. Bd4 Rxe2 25. Kxe2 Bf8 26. a4 Bg7 27.
Rd1 Re8+ 28. Kd3 f4 29. Bxg7 Kxg7 30. Rd2 f5 31. Kc4 a6 32. b4 Rc8+ 33. Kb3 Rc7
34. Rd6 Rb7 35. c4 Kf7 36. b5 axb5 37. axb5 Ke7 38. Rc6 Kf7 39. Kb4 Rb8 40.
Rc7+ Kf6 41. Rxh7 Re8 42. Rc7 Re2 43. Rc6+ Kg5 44. Rxb6 Rxg2 45. Rd6 Rxh2 46.
Rd3 Rh8 47. b6 Kh4 48. c5 Rb8 49. Kb5 g5 50. c6 g4 51. c7 1-0

[Event "4NCL Division 3"]
[Site "Daventry Court ENG"]
[Date "2015.05.02"]
[Round "9.99"]
[White "Mercs, Peter"]
[Black "Johnson, Michael D"]
[Result "1-0"]
[WhiteElo "2077"]
[BlackElo "2030"]
[PlyCount "107"]
[EventDate "2015.05.02"]

1. e4 e6 2. d4 d5 3. Nd2 c5 4. exd5 exd5 5. Ngf3 Nf6 6. Bb5+ Bd7 7. Bxd7+ Nbxd7
8. O-O Be7 9. dxc5 Nxc5 10. Nd4 O-O 11. Nf5 Re8 12. Nxe7+ Qxe7 13. Nb3 Nxb3 14.
axb3 h6 15. Be3 a6 16. Bd4 Rad8 17. f3 Nh5 18. g3 Qd6 19. Bf2 Re6 20. Ra4 Nf6
21. Rd4 Qc6 22. Rd2 Rd7 23. c3 b5 24. Re1 Rxe1+ 25. Bxe1 Re7 26. Bf2 Qe6 27.
Kg2 Qc6 28. Re2 Rxe2 29. Qxe2 Qe6 30. Qd1 Nd7 31. Bd4 Nb8 32. b4 Nc6 33. g4 Ne7
34. Qd2 Ng6 35. Qe3 Nh4+ 36. Kg3 Ng6 37. f4 Qxe3+ 38. Bxe3 Ne7 39. f5 Nc6 40.
f6 g5 41. h4 gxh4+ 42. Kxh4 Kh7 43. Kh5 Ne5 44. Bxh6 Nd3 45. b3 d4 46. cxd4
Nxb4 47. Bd2 Nd5 48. Kg5 Kg8 49. Kf5 Kf8 50. Ke5 Nb6 51. g5 Ke8 52. Kd6 Nd7 53.
d5 Nf8 54. Kc7 1-0